000 00924nam a22002057a 4500
003 OSt
005 20260224073746.0
008 260224b |||||||| |||| 00| 0 eng d
020 _a978I406307702
040 _aDWCL GS library
_cOC
082 _aFic. D545 2006
100 _aDicamillo, Kate
245 _athe miraculous journey of edward tulane
_cKate Dicamillo
260 _aGreat Britain
_bWalker Books
_cc2006
300 _a205
_billustrations
_c21cm
520 _aOnce, in a house on egypt street, there lived a china rabbit named edward tulane. The rabbit was very pleased with himself, and for good reason: he was owned by a girl named abilene, who treated him with the utmost care and adored him completely. And then, one day, he was lost. " A beautiful book in every sense."
546 _aEnglish
700 _aKate Dicamillo
942 _2ddc
_cFIC.
_hFic. D545 2006
_n0
999 _c8528
_d8528